| 000 | 04208nam a22004457a 4500 | ||
|---|---|---|---|
| 005 | 20080929114534.0 | ||
| 008 | 080929t xxu||||| |||| 00| 0 eng d | ||
| 010 | _aB-317161-175 | ||
| 020 |
_a9788122306392 _c150.00 |
||
| 020 |
_a812230639X _c150.00 |
||
| 035 | _aB-317161-175 | ||
| 035 | _aB-358649 | ||
| 037 | _aUBH | ||
| 040 |
_adpl _bEnglish |
||
| 082 | _a133.54 | ||
| 100 | _aMahajan, U.C. | ||
| 245 |
_aHoroscope reading: _bmade easy and self learning/ _cby U.C. Mahajan |
||
| 260 |
_aNew Delhi _bPustak Mahal _c2007 |
||
| 270 |
_aJ-3/16, Daryaganj _bNew Delhi _e110002 _k23276539,23272783,23272784 _l011-23260518 _minfo@pustakmahal.com |
||
| 300 |
_a248p. _c25cm. (pbk) |
||
| 942 |
_2ddc _cEN _h133.54 _mMAH |
||
| 999 |
_c15928 _d15928 |
||